Šance pro průmysl
Inovačná aktivita českých firiem je v porovnaní s vyspelými krajinami pätinová. Vládou bolo vyčlenené pre rok 2001 na aplikovaný priemyselný výskum a vývoj o 220 miliónov menej než minulý rok. Vývoj štátnych výdajov na vedu a výskum od roku 1993. Financovanie vedy a výskumu v porovnateľných štátoch...
Gespeichert in:
| 1. Verfasser: | |
|---|---|
| Format: | Buchkapitel |
| Sprache: | Tschechisch |
| Schlagworte: | |
| Tags: |
Keine Tags, Fügen Sie das erste Tag hinzu!
|
MARC
| LEADER | 00000naa a2200000 4500 | ||
|---|---|---|---|
| 001 | r040969 | ||
| 005 | 20231004065422.1 | ||
| 041 | 0 | |a cze | |
| 044 | |a CZ | ||
| 245 | 1 | 0 | |a Šance pro průmysl |c Stanislav Kužel |
| 520 | |a Inovačná aktivita českých firiem je v porovnaní s vyspelými krajinami pätinová. Vládou bolo vyčlenené pre rok 2001 na aplikovaný priemyselný výskum a vývoj o 220 miliónov menej než minulý rok. Vývoj štátnych výdajov na vedu a výskum od roku 1993. Financovanie vedy a výskumu v porovnateľných štátoch Európy. | ||
| 610 | 2 | 0 | |a financovanie vedy |
| 610 | 2 | 0 | |a financovanie výskumu |
| 610 | 2 | 0 | |a financovanie vývoja |
| 610 | 2 | 0 | |a Česko |
| 610 | 2 | 0 | |a krajiny vyspelé |
| 610 | 2 | 0 | |a porovnanie medzinárodné |
| 610 | 2 | 0 | |a projekty |
| 100 | 1 | |a Kužel, Stanislav | |